Library Banner

Quwwat-e-aradi = قوت ارادی / (Record no. 114866)

MARC details
000 -LEADER
fixed length control field 00520nam a22001457a 4500
005 - DATE AND TIME OF LATEST TRANSACTION
control field 20191129112439.0
008 - FIXED-LENGTH DATA ELEMENTS--GENERAL INFORMATION
fixed length control field 191129b ||||| |||| 00| 0 eng d
040 ## - CATALOGING SOURCE
Transcribing agency PK-LaUMT
082 ## - DEWEY DECIMAL CLASSIFICATION NUMBER
Classification number 158.1
Item number DYE-Q
100 ## - MAIN ENTRY--PERSONAL NAME
Personal name Dyer, Wyen W. = ڈائن، وائن ڈبلیو
245 ## - TITLE STATEMENT
Title Quwwat-e-aradi = قوت ارادی /
Statement of responsibility, etc by Wyen W. Dyer; translated Riaz Mahmood Anjum = از وائن ڈبلیو ڈائر؛ مترجم ریاض محمود انجم
260 ## - PUBLICATION, DISTRIBUTION, ETC. (IMPRINT)
Place of publication, distribution, etc Lahore :
Name of publisher, distributor, etc Book Home,
Date of publication, distribution, etc 2018
300 ## - PHYSICAL DESCRIPTION
Extent 312 p.
942 ## - ADDED ENTRY ELEMENTS (KOHA)
Koha item type Books
Holdings
Withdrawn status Lost status Damaged status Home library Current library Date acquired Full call number Barcode Date last seen Price effective from Koha item type
      UMT Main Campus UMT Main Campus 2019-11-29 158.1 DYE-Q 131261 2025-02-01 2019-11-29 Books